<?xml version="1.0" encoding="UTF-8"?>
<record
    xmlns:xsi="http://www.w3.org/2001/XMLSchema-instance"
    xsi:schemaLocation="http://www.loc.gov/MARC21/slim http://www.loc.gov/standards/marcxml/schema/MARC21slim.xsd"
    xmlns="http://www.loc.gov/MARC21/slim">

  <leader>00976    a2200205   4500</leader>
  <controlfield tag="001">63961</controlfield>
  <controlfield tag="005">20260521160827.0</controlfield>
  <controlfield tag="008">260521a1965    arg                 spa d</controlfield>
  <controlfield tag="003">AR-UNSa-BCEJYS</controlfield>
  <datafield tag="040" ind1=" " ind2=" ">
    <subfield code="a">AR-UNSa-BCEJYS</subfield>
    <subfield code="b">spa</subfield>
    <subfield code="c">AR-UNSa-BCEJYS</subfield>
  </datafield>
  <datafield tag="080" ind1=" " ind2=" ">
    <subfield code="a">338.5</subfield>
    <subfield code="x">Precios. Formaci&#xF3;n de precios. Costes</subfield>
  </datafield>
  <datafield tag="245" ind1="1" ind2="0">
    <subfield code="a">Costes de la distribuci&#xF3;n y formaci&#xF3;n de los precios</subfield>
    <subfield code="p">Las condiciones del coste y de la demanda. Fluctuaci&#xF3;n de los precios y factores del coste</subfield>
  </datafield>
  <datafield tag="264" ind1=" " ind2="1">
    <subfield code="a">Barcelona :</subfield>
    <subfield code="b">Sagitario</subfield>
    <subfield code="c">1965</subfield>
  </datafield>
  <datafield tag="300" ind1=" " ind2=" ">
    <subfield code="a">xvi, 229 p.</subfield>
    <subfield code="c">22 cm.</subfield>
  </datafield>
  <datafield tag="505" ind1=" " ind2=" ">
    <subfield code="a">1. Las condiciones de coste - 2.Las condiciones de demanda &#x2013; 3. Los m&#xE9;todos de fijaci&#xF3;n de precios &#x2013; 4. La valoraci&#xF3;n del coste de distribuci&#xF3;n &#x2013; 5. El sector de distribuci&#xF3;n y las fluctuaciones de los precios a corto plazo &#x2013; 6. Los factores del coste de distribuci&#xF3;n a largo plazo &#x2013; </subfield>
  </datafield>
  <datafield tag="041" ind1=" " ind2=" ">
    <subfield code="a">spa</subfield>
  </datafield>
  <datafield tag="942" ind1=" " ind2=" ">
    <subfield code="c">BK</subfield>
  </datafield>
  <datafield tag="590" ind1=" " ind2=" ">
    <subfield code="a">niveau_biblio:m niveau_hierar:0</subfield>
  </datafield>
  <datafield tag="100" ind1="1" ind2=" ">
    <subfield code="a">Triolaire, Guy</subfield>
  </datafield>
  <datafield tag="999" ind1=" " ind2=" ">
    <subfield code="c">36439</subfield>
    <subfield code="d">36439</subfield>
  </datafield>
  <datafield tag="952" ind1=" " ind2=" ">
    <subfield code="0">0</subfield>
    <subfield code="1">0</subfield>
    <subfield code="4">0</subfield>
    <subfield code="7">0</subfield>
    <subfield code="a">BCEJYS</subfield>
    <subfield code="b">BCEJYS</subfield>
    <subfield code="c">16</subfield>
    <subfield code="d">2026-05-21</subfield>
    <subfield code="l">0</subfield>
    <subfield code="o">338.5 T834</subfield>
    <subfield code="p">L12333</subfield>
    <subfield code="r">2026-05-21 16:08:27</subfield>
    <subfield code="w">2026-05-21</subfield>
    <subfield code="y">L</subfield>
  </datafield>
</record>
